Психологические аспекты экономического поведения человека; Известия Томского политехнического университета [Известия ТПУ]; Т. 309, № 8

Bibliografiske detaljer
Parent link:Известия Томского политехнического университета [Известия ТПУ]/ Томский политехнический университет (ТПУ).— , 2000-
Т. 309, № 8.— 2006.— [С. 211-215]
Hovedforfatter: Котова И. Н.
Summary:Заглавие с титульного листа
Электронная версия печатной публикации
Рассматриваются теоретические и эмпирические концепции и теории в области психологии, связанные с исследованиями человеческой способности к адаптации и имеющие непосредственное отношение к области интереса экономистов. В частности, речь идет о вероятности импульсивных поступков, присущих природе человека, и о необходимости мгновенного реагирования на неожиданно возникающие в экономической жизни общества ситуации.
Sprog:russisk
Udgivet: 2006
Serier:Социально-экономические и гуманитарные науки
Fag:
Online adgang:http://www.lib.tpu.ru/fulltext/v/Bulletin_TPU/2006/v309/i8/48.pdf
Format: MixedMaterials Electronisk Book Chapter
KOHA link:https://koha.lib.tpu.ru/cgi-bin/koha/opac-detail.pl?biblionumber=171928

MARC

LEADER 00000naa2a2200000 4500
001 171928
005 20251204142856.0
035 |a (RuTPU)RU\TPU\book\186401 
035 |a RU\TPU\book\186399 
090 |a 171928 
100 |a 20091209d2006 k y0rusy50 ca 
101 0 |a rus 
102 |a RU 
135 |a drnn ---uucaa 
181 0 |a i  
182 0 |a b 
200 1 |a Психологические аспекты экономического поведения человека  |f И. Н. Котова 
203 |a Текст  |c электронный 
215 |a 1 файл (100 Кб) 
225 1 |a Социально-экономические и гуманитарные науки 
300 |a Заглавие с титульного листа 
300 |a Электронная версия печатной публикации 
320 |a [Библиогр.: с. 215 (6 назв.)] 
330 |a Рассматриваются теоретические и эмпирические концепции и теории в области психологии, связанные с исследованиями человеческой способности к адаптации и имеющие непосредственное отношение к области интереса экономистов. В частности, речь идет о вероятности импульсивных поступков, присущих природе человека, и о необходимости мгновенного реагирования на неожиданно возникающие в экономической жизни общества ситуации. 
337 |a Adobe Reader 
461 1 |0 (RuTPU)RU\TPU\book\176237  |t Известия Томского политехнического университета [Известия ТПУ]  |f Томский политехнический университет (ТПУ)  |d 2000- 
463 1 |0 (RuTPU)RU\TPU\book\186329  |x 1684-8519  |t Т. 309, № 8  |v [С. 211-215]  |d 2006 
610 1 |a психологические аспекты 
610 1 |a экономическое поведение 
610 1 |a человек 
610 1 |a теоретические концепции 
610 1 |a эмпирические концепции 
610 1 |a психология 
610 1 |a исследования 
610 1 |a человеческие способности 
610 1 |a адаптация 
610 1 |a экономисты 
610 1 |a импульсивные поступки 
610 1 |a электронный ресурс 
700 1 |a Котова  |b И. Н. 
801 1 |a RU  |b 63413507  |c 20090623  |g PSBO 
801 2 |a RU  |b 63413507  |c 20211115  |g PSBO 
856 4 |u http://www.lib.tpu.ru/fulltext/v/Bulletin_TPU/2006/v309/i8/48.pdf 
942 |c CF